| 000 | 00554nam a2200229Ia 4500 | ||
|---|---|---|---|
| 005 | 20250425162056.0 | ||
| 008 | 250425s9999 xx 000 0 und d | ||
| 020 | _a8480881771 | ||
| 041 | _aspa | ||
| 082 | _a658.568 | ||
| 100 | _aSENLLE, ANDRES | ||
| 245 | 0 | _aTECNICAS DE REUNIONES: ISO 9000 EN LA PRACTICA | |
| 250 | _a1A ED. | ||
| 260 | _aBARCELONA | ||
| 260 |
_aEspaƱa _bGESTION 2000 _c1997 |
||
| 300 | _a113 | ||
| 650 | _aNORMAS ISO 9000 | ||
| 650 | _aREUNIONES | ||
| 650 | _aTECNICAS DE REUNIONES | ||
| 942 | _c01 | ||
| 010 | _a47659 | ||
| 999 |
_c221846 _d221846 |
||